00596 2200205 4500001002100000005001500021035002000036007000300056008004100059020002000100082001100120084001700131100001900148245010700167260003600274300002100310504001600331600003100347990001200378INLIS00000000001729020241002022959 a0010-1024000018ta241002 e f ind  a978-979-756-479 a363.73 a363.73 MUK e0 aMUKHLIS,Akhadi1 aEKOLOGI ENERGI :bMengenali Dampak Lingkungan dalam pemanfaatan sumber-sumber energi /cmukhlis akhadi ayogyakarta :bGRAHA ILMU,c2013 a352 HAL ;c24 CM abibliografi 4aPENCEMARAN-ASPEK LIGKUNGAN a15761 b